[Event "World Cup U12 Prel"]
[Site "Tornelo INT"]
[Date "2021.08.06"]
[Round "4"]
[White "Boci, Mateo"]
[Black "Buto, Al Basher"]
[Result "0-1"]
[WhiteElo "1261"]
[BlackElo "1568"]
[PlyCount "184"]
[EventDate "2021.08.06"]
[EventType "swiss (rapid)"]
[EventRounds "10"]
[EventCountry "NET"]
[SourceTitle "EXT 2025"]
[Source "ChessBase"]
[SourceDate "2024.10.14"]
[SourceVersion "1"]
[SourceVersionDate "2024.10.14"]
[SourceQuality "1"]

1. e4 e6 2. d4 d5 3. Nc3 Bb4 4. e5 c5 5. a3 Bxc3+ 6. bxc3 Qc7 7. Nf3 Ne7 8. Bb5+ Nbc6 9. 0-0 a6 10. Bxc6+ Qxc6 11. Bg5 Ng6 12. h4 h6 13. h5 Nf8 14. Bh4 Nd7 15. g4 b6 16. Qd2 Bb7 17. g5 0-0-0 18. Rfb1 hxg5 19. Nxg5 Rdf8 20. Qe2 g6 21. Kf1 Rxh5 22. Nf3 Rfh8 23. Bg3 Qc7 24. Kg2 c4 25. Rh1 Qd8 26. Rxh5 Rxh5 27. Rh1 Qh8 28. Rxh5 Qxh5 29. Ng1 Qf5 30. Nh3 Bc6 31. Nf4 Ba4 32. Nh3 Bxc2 33. Ng1 Be4+ 34. Kh2 Qh5+ 35. Qxh5 gxh5 36. Nh3 b5 37. Ng5 Bg6 38. f4 Nb6 39. Be1 a5 40. Kg3 Nd7 41. Kh4 Nb8 42. Kg3 Nc6 43. Kf3 b4 44. axb4 axb4 45. cxb4 Nxd4+ 46. Kf2 Kb7 47. Bc3 Nb5 48. Bb2 d4 49. Nf3 c3 50. Bc1 d3 51. Ke3 d2 52. Bxd2 cxd2 53. Nxd2 Kc6 54. Kf3 Kd5 55. Kg3 Kd4 56. Nf1 Kc4 57. Kh4 Kxb4 58. Ng3 Nd4 59. Nxh5 Kc5 60. Nf6 Ne2 61. Kg5 Kd4 62. Ng4 Ng3 63. Kh4 Nf5+ 64. Kg5 Ke4 65. Nf6+ Kf3 66. Nd7 Nd4 67. Nf8 Bf5 68. Nd7 Ne2 69. Kf6 Bg6 70. Nf8 Nxf4 71. Nd7 Ke4 72. Nc5+ Kd5 73. Nb7 Nh5+ 74. Kg5 Kxe5 75. Nc5 Nf4 76. Kh6 Nd3 77. Nd7+ Kd6 78. Nf6 Nc5 79. Ne8+ Ke7 80. Nf6 Ne4 81. Ng4 Ng3 82. Kg7 Bc2 83. Nf6 Nf5+ 84. Kh8 Kxf6 85. Kg8 e5 86. Kh8 e4 87. Kg8 e3 88. Kh8 e2 89. Kg8 e1Q 90. Kh8 Qe8+ 91. Kh7 Ng7+ 92. Kh6 Qh8# 0-1

[Event "World Cup U12 Prel"]
[Site "Tornelo INT"]
[Date "2021.08.06"]
[Round "5"]
[White "Buto, Al Basher"]
[Black "Akhmedov, David"]
[Result "1-0"]
[WhiteElo "1568"]
[BlackElo "2059"]
[PlyCount "81"]
[EventDate "2021.08.06"]
[EventType "swiss (rapid)"]
[EventRounds "10"]
[EventCountry "NET"]
[SourceTitle "EXT 2025"]
[Source "ChessBase"]
[SourceDate "2024.10.14"]
[SourceVersion "1"]
[SourceVersionDate "2024.10.14"]
[SourceQuality "1"]

1. e4 c5 2. Nf3 e6 3. d4 cxd4 4. Nxd4 Nf6 5. Nc3 Nc6 6. Ndb5 d6 7. Bf4 e5 8. Bg5 a6 9. Na3 b5 10. Nd5 Be7 11. Bxf6 Bxf6 12. c3 Bg5 13. Nc2 0-0 14. a4 bxa4 15. Rxa4 a5 16. Bc4 Rb8 17. b3 Kh8 18. Nce3 Be6 19. 0-0 g6 20. Nc2 Ne7 21. b4 Bxd5 22. Bxd5 axb4 23. cxb4 Qd7 24. Ra6 f5 25. exf5 gxf5 26. Ra3 Ng6 27. Qh5 Bd2 28. Rfa1 Nf4 29. Qd1 Bxb4 30. Ra7 Qb5 31. Nxb4 Qxb4 32. R7a4 Qc5 33. Ra5 Rb5 34. Rxb5 Qxb5 35. Bf3 Qc5 36. Rc1 Qa3 37. g3 Rg8 38. Kh1 Nh3 39. Kg2 e4 40. Qd4+ Rg7 41. Rc8# 1-0

[Event "World Cup U12 Prel"]
[Site "Tornelo INT"]
[Date "2021.08.06"]
[Round "6"]
[White "Fiorito, Francisco"]
[Black "Buto, Al Basher"]
[Result "1/2-1/2"]
[WhiteElo "1791"]
[BlackElo "1568"]
[PlyCount "111"]
[EventDate "2021.08.06"]
[EventType "swiss (rapid)"]
[EventRounds "10"]
[EventCountry "NET"]
[SourceTitle "EXT 2025"]
[Source "ChessBase"]
[SourceDate "2024.10.14"]
[SourceVersion "1"]
[SourceVersionDate "2024.10.14"]
[SourceQuality "1"]

1. e4 e6 2. d4 d5 3. Nd2 c5 4. Ngf3 Nc6 5. exd5 exd5 6. h3 c4 7. Be2 Bf5 8. 0-0 Bd6 9. Re1 Nge7 10. c3 0-0 11. b3 b5 12. Nf1 Re8 13. a4 a6 14. Ne3 Qd7 15. Bf1 Na5 16. axb5 Nxb3 17. Rxa6 Rxa6 18. bxa6 Ra8 19. Nxd5 Nxd5 20. Bxc4 Nxc1 21. Bxd5 Rxa6 22. Qxc1 Ba3 23. Qf4 Qxd5 24. Re5 Bd6 25. Rxd5 Ra1+ 26. Kh2 Bxf4+ 27. g3 g6 28. gxf4 Kg7 29. Re5 Rf1 30. Kg2 Rc1 31. Re3 Be6 32. Ne5 h5 33. h4 Kf6 34. f3 Kf5 35. Nc6 Rc2+ 36. Kg3 Bc4 37. Nb4 Rd2 38. Re1 Kf6 39. Ra1 Kg7 40. Re1 Kh6 41. Rc1 f6 42. Nc6 g5 43. fxg5+ fxg5 44. hxg5+ Kxg5 45. f4+ Kf5 46. Re1 Rd3+ 47. Kh4 Rxc3 48. Re5+ Kxf4 49. Rc5 Rc1 50. Kxh5 Ke3 51. Kg5 Rc2 52. Kf6 Kd3 53. Nb4+ Kxd4 54. Nxc2+ Kxc5 55. Ne3 Kd4 56. Nxc4 1/2-1/2

[Event "Wch FIDE Online U10 Asia qual"]
[Site "Tornelo INT"]
[Date "2020.12.12"]
[Round "4"]
[White "Buto, Al Basher"]
[Black "Ooi, Jayden"]
[Result "1-0"]
[WhiteElo "1510"]
[BlackElo "1780"]
[PlyCount "119"]
[EventDate "2020.12.11"]
[EventType "swiss (rapid)"]
[EventRounds "7"]
[EventCountry "ISS"]
[SourceTitle "EXT 2022"]
[Source "ChessBase"]
[SourceDate "2021.10.06"]
[SourceVersion "1"]
[SourceVersionDate "2021.10.06"]
[SourceQuality "1"]

1. e4 d5 2. exd5 Nf6 3. d4 Bg4 4. Be2 Bxe2 5. Nxe2 Qxd5 6. 0-0 e6 7. Nbc3 Qh5 8. Ng3 Qxd1 9. Rxd1 c6 10. Nce4 Nbd7 11. Re1 0-0-0 12. Ng5 Re8 13. Nxf7 Rg8 14. Ng5 e5 15. dxe5 Nxe5 16. Bf4 Bd6 17. Rad1 Nf3+ 18. Nxf3 Bxf4 19. Nf5 Rxe1+ 20. Rxe1 Kd8 21. g3 Bc7 22. Ng5 g6 23. Nh6 Re8 24. Nhf7+ Kd7 25. Rd1+ Kc8 26. Kf1 Ng4 27. h3 Nf6 28. c3 Nd5 29. c4 Nf6 30. Nd6+ Bxd6 31. Rxd6 Nd7 32. Nxh7 Re4 33. Rxd7 Rxc4 34. Rd2 Rc1+ 35. Kg2 Ra1 36. a3 Kc7 37. Nf8 b5 38. Nxg6 a5 39. h4 b4 40. axb4 axb4 41. h5 c5 42. h6 c4 43. h7 c3 44. bxc3 bxc3 45. Rc2 Ra8 46. h8Q Rxh8 47. Nxh8 Kd7 48. Rxc3 Ke6 49. Ng6 Kf5 50. Rc5+ Ke4 51. f4 Ke3 52. f5 Kd4 53. Ra5 Ke3 54. f6 Ke2 55. f7 Kd3 56. f8Q Ke4 57. Qb4+ Ke3 58. Ra3+ Ke2 59. Qb2+ Kd1 60. Ra1# 1-0

[Event "Eastern Asia-ch U20"]
[Site "Batangas"]
[Date "2019.12.12"]
[Round "4"]
[White "Bacojo, Mark Jay"]
[Black "Buto, Al Basher"]
[Result "1-0"]
[WhiteElo "1906"]
[BlackElo "1474"]
[PlyCount "125"]
[EventDate "2019.12.10"]
[EventType "swiss"]
[EventRounds "9"]
[EventCountry "PHI"]
[SourceTitle "CBM 193 Extra"]
[Source "ChessBase"]
[SourceDate "2020.01.31"]
[SourceVersion "1"]
[SourceVersionDate "2020.01.31"]
[SourceQuality "1"]

1. Nf3 Nf6 2. b3 d5 3. Bb2 e6 4. e3 c5 5. Be2 Nc6 6. 0-0 Be7 7. d4 0-0 8. Nbd2 b6 9. Ne5 Nxe5 10. dxe5 Ne4 11. Bf3 Bb7 12. Bxe4 dxe4 13. Qe2 Qc7 14. Qg4 Qc6 15. Rfd1 b5 16. Nf1 f5 17. exf6 Bxf6 18. Bxf6 Rxf6 19. Rd2 Raf8 20. Rad1 e5 21. Ng3 Rg6 22. Qd7 Qxd7 23. Rxd7 Rb6 24. Re7 Bc8 25. Rxe5 Ra6 26. Rxc5 Rxa2 27. h3 a5 28. Rxb5 Rxc2 29. Nxe4 Bf5 30. Nd2 Be6 31. Nf3 Rb2 32. Rxa5 Bxh3 33. Rd2 Rxb3 34. Kh2 Bc8 35. Ra8 Rb6 36. Rc2 Bb7 37. Rxf8+ Kxf8 38. Ne5 Rd6 39. Kg3 Rd5 40. f4 Rd1 41. Rc7 Be4 42. Rf7+ Kg8 43. Rd7 Rxd7 44. Nxd7 Kf7 45. Nc5 Bc6 46. e4 Ke7 47. Kf3 Kd6 48. Nd3 h5 49. Ke3 Bb5 50. Ne5 Ke6 51. Nf3 Bd7 52. f5+ Kf6 53. Kf4 Ba4 54. e5+ Ke7 55. Kg5 Be8 56. Nh4 Bc6 57. Kxh5 Bxg2 58. Nxg2 Kf7 59. Nf4 Kg8 60. Kg6 Kf8 61. e6 Kg8 62. e7 Kh8 63. e8Q# 1-0

[Event "Eastern Asia-ch U20"]
[Site "Batangas"]
[Date "2019.12.12"]
[Round "5"]
[White "Buto, Al Basher"]
[Black "Diaz, Arlton Lance"]
[Result "1-0"]
[WhiteElo "1474"]
[BlackElo "1337"]
[PlyCount "73"]
[EventDate "2019.12.10"]
[EventType "swiss"]
[EventRounds "9"]
[EventCountry "PHI"]
[SourceTitle "CBM 193 Extra"]
[Source "ChessBase"]
[SourceDate "2020.01.31"]
[SourceVersion "1"]
[SourceVersionDate "2020.01.31"]
[SourceQuality "1"]

1. e4 c5 2. Nf3 Nc6 3. d4 cxd4 4. Nxd4 Nf6 5. Nc3 e5 6. Ndb5 d6 7. Nd5 Nxd5 8. exd5 Ne7 9. c4 Ng6 10. Be2 Be7 11. 0-0 a6 12. Nc3 0-0 13. Be3 f5 14. Qb3 f4 15. Bb6 Qe8 16. f3 Nh4 17. Kf2 Qg6 18. Rg1 Nxg2 19. Rxg2 Bh4+ 20. Kg1 Qh5 21. Ne4 Bh3 22. Rg4 Bxg4 23. fxg4 Qg6 24. Bf3 h5 25. h3 hxg4 26. hxg4 Rac8 27. Qd3 Rf5 28. Kf1 Rff8 29. Ke2 Kf7 30. b4 Bd8 31. c5 dxc5 32. Bxc5 Be7 33. d6 Rcd8 34. dxe7 Rxd3 35. exf8Q+ Ke6 36. Kxd3 Qf7 37. Qd6# 1-0